[Event "Vaujany op-A 7th"]
[Site "Vaujany"]
[Date "2016.07.20"]
[Round "5"]
[White "Geher, Koppany"]
[Black "Anton, Jose"]
[Result "1-0"]
[WhiteElo "1931"]
[BlackElo "1850"]
[PlyCount "111"]
[EventDate "2016.07.16"]
[EventType "swiss"]
[EventRounds "9"]
[EventCountry "FRA"]
[SourceTitle "EXT 2019"]
[Source "ChessBase"]
[SourceDate "2018.10.10"]
[SourceVersion "1"]
[SourceVersionDate "2018.10.10"]
[SourceQuality "1"]

1. e4 c5 2. Nf3 Nc6 3. d4 cxd4 4. Nxd4 e5 5. Nb5 d6 6. N1c3 a6 7. Na3 Be7 8. Nd5 Nf6 9. Nxe7 Nxe7 10. Bd3 d5 11. exd5 Nexd5 12. 0-0 0-0 13. Bg5 h6 14. Bh4 b5 15. Re1 Re8 16. Be4 Be6 17. c4 bxc4 18. Nxc4 g5 19. Bg3 Nxe4 20. Rxe4 f5 21. Rxe5 f4 22. Qh5 Qf6 23. Rae1 Bf7 24. Rxe8+ Rxe8 25. Rxe8+ Bxe8 26. Qxe8+ Kg7 27. Qd7+ Ne7 28. Bxf4 gxf4 29. Nd6 Kg6 30. Qe8+ Kg7 31. Qd7 Kg6 32. Qe8+ Kg7 33. Qb8 Qe6 34. h3 Qe1+ 35. Kh2 Qxf2 36. Qb3 Qe3 37. Qxe3 fxe3 38. Kg3 Kf6 39. Kf3 Ke5 40. Nc4+ Kd4 41. Nxe3 Kd3 42. g4 Nc6 43. a3 Ne5+ 44. Kf2 a5 45. b4 a4 46. b5 Kc3 47. b6 Kb3 48. b7 Nd7 49. Ke2 Kxa3 50. h4 Kb4 51. g5 hxg5 52. hxg5 a3 53. Nc2+ Kc5 54. g6 Kc6 55. b8Q Nxb8 56. g7 1-0

[Event "Bouches du Rhone-ch 1415"]
[Site "Vitrolles"]
[Date "2015.04.04"]
[Round "8"]
[White "Anton, Jose"]
[Black "Montanelli, Tristan"]
[Result "1-0"]
[WhiteElo "1864"]
[BlackElo "1733"]
[PlyCount "85"]
[EventDate "2014.10.04"]
[EventType "tourn"]
[EventRounds "9"]
[EventCountry "FRA"]
[SourceTitle "EXT 2016"]
[Source "ChessBase"]
[SourceDate "2015.10.08"]
[SourceVersion "1"]
[SourceVersionDate "2015.10.08"]
[SourceQuality "1"]

1. e4 c5 2. d4 cxd4 3. c3 dxc3 4. Nxc3 Nc6 5. Nf3 d6 6. Bc4 a6 7. 0-0 Nf6 8. Qe2 e6 9. Rd1 Qc7 10. Bf4 Ne5 11. Bb3 Nxf3+ 12. Qxf3 e5 13. Bg5 Be7 14. Rac1 Qd8 15. Bxf6 gxf6 16. Qh5 0-0 17. Rd3 Bd7 18. Rg3+ Kh8 19. Bxf7 Rxf7 20. Qxf7 Qf8 21. Qxf8+ Rxf8 22. Nd5 Bd8 23. Rd3 f5 24. f3 Bc6 25. g3 fxe4 26. fxe4 Bxd5 27. Rxd5 Bb6+ 28. Kg2 Rf2+ 29. Kh3 Bc5 30. Rb1 a5 31. a3 Rf6 32. Rdd1 Kg7 33. Rf1 b6 34. Rxf6 Kxf6 35. Kg4 Ke6 36. Rd1 Bd4 37. b3 d5 38. Kf3 dxe4+ 39. Kxe4 Bc5 40. a4 Bd6 41. g4 Bc7 42. Rd3 Bd6 43. Rh3 1-0

[Event "Vitrolles 1112"]
[Site "Vitrolles"]
[Date "2012.01.28"]
[Round "6"]
[White "Miguel, Alain"]
[Black "Anton, Jose"]
[Result "1-0"]
[WhiteElo "1865"]
[BlackElo "1889"]
[PlyCount "97"]
[EventDate "2011.10.08"]
[EventType "tourn"]
[EventRounds "9"]
[EventCountry "FRA"]
[SourceTitle "EXT 2014"]
[Source "ChessBase"]
[SourceDate "2013.11.20"]
[SourceVersion "1"]
[SourceVersionDate "2013.11.20"]
[SourceQuality "1"]

1. d4 d5 2. Nf3 e6 3. c4 c6 4. Qc2 f5 5. g3 Nf6 6. Bg2 Bd6 7. 0-0 0-0 8. b3 Qe7 9. a4 Nbd7 10. Nc3 Ne4 11. e3 a5 12. Bb2 b6 13. Rfd1 Bb7 14. Nd2 Kh8 15. f3 Nxc3 16. Bxc3 Qg5 17. Qd3 Rf6 18. e4 Rh6 19. e5 Be7 20. Nf1 Qh5 21. Bd2 g5 22. h3 Qf7 23. Rac1 Rg6 24. Rc2 c5 25. Be3 Rag8 26. Bf2 f4 27. Nd2 Qg7 28. cxd5 Bxd5 29. Qb5 Bf8 30. g4 h5 31. Nc4 hxg4 32. hxg4 Rh6 33. Nxb6 Nxb6 34. Qxb6 Qh7 35. Rdc1 cxd4 36. Rc7 Qd3 37. Bxd4 Bxf3 38. R7c3 Qd2 39. Bxf3 Bb4 40. Rd1 Qh2+ 41. Kf1 Bxc3 42. Bxc3 Qg3 43. Qf2 Qh3+ 44. Ke2 Rc8 45. Bxa5 Rh7 46. Rh1 Rc2+ 47. Bd2 Qg3 48. Rxh7+ Kxh7 49. Be4+ 1-0

[Event "Calvi Balagne op 03rd"]
[Site "Calvi"]
[Date "2006.02.23"]
[Round "5"]
[White "Anton, Jose"]
[Black "Genov, Petar"]
[Result "0-1"]
[WhiteElo "2019"]
[BlackElo "2467"]
[PlyCount "52"]
[EventDate "2006.02.19"]
[EventType "swiss"]
[EventRounds "9"]
[EventCountry "FRA"]
[SourceTitle "CBM 110 Extra"]
[Source "ChessBase"]
[SourceDate "2006.03.10"]
[SourceVersion "2"]
[SourceVersionDate "2006.03.10"]
[SourceQuality "1"]

1. e4 c5 2. d4 cxd4 3. c3 Nf6 4. e5 Nd5 5. Bc4 Nb6 6. Bb3 d5 7. cxd4 Bf5 8. Nf3 e6 9. Bg5 Qd7 10. 0-0 h6 11. Be3 Be7 12. Nc3 Nc6 13. Rc1 Rc8 14. Nd2 Nb4 15. Ne2 0-0 16. Nf4 Rxc1 17. Qxc1 Rc8 18. Qd1 Nc4 19. Bxc4 dxc4 20. a3 Nc2 21. Nb1 Rd8 22. Nc3 Nxd4 23. Bxd4 Qxd4 24. Qxd4 Rxd4 25. g3 Rd2 26. Na4 b5 0-1

[Event "Calvi Balagne op 03rd"]
[Site "Calvi"]
[Date "2006.02.22"]
[Round "4"]
[White "Pierrard, Bernard"]
[Black "Anton, Jose"]
[Result "0-1"]
[WhiteElo "1910"]
[BlackElo "2019"]
[PlyCount "62"]
[EventDate "2006.02.19"]
[EventType "swiss"]
[EventRounds "9"]
[EventCountry "FRA"]
[SourceTitle "CBM 110 Extra"]
[Source "ChessBase"]
[SourceDate "2006.03.10"]
[SourceVersion "2"]
[SourceVersionDate "2006.03.10"]
[SourceQuality "1"]

1. b3 e5 2. Bb2 Nc6 3. e3 d5 4. Bb5 Bd6 5. f4 Qe7 6. Nf3 f6 7. fxe5 Bb4 8. 0-0 Bd7 9. exf6 Nxf6 10. Bxc6 Bxc6 11. Nd4 Bd7 12. Nc3 0-0-0 13. a3 Bd6 14. h3 Qe5 15. Nf3 Qg3 16. Ne2 Qg6 17. Kh1 Rde8 18. c4 dxc4 19. bxc4 Qd3 20. Rc1 Ne4 21. Bd4 Bxa3 22. Ra1 a6 23. Kg1 Bd6 24. c5 Nxc5 25. Nf4 Bxf4 26. Bxc5 Bd6 27. Bd4 Qg6 28. Kh1 Bb5 29. Rg1 Rhf8 30. Qb3 Qg3 31. Qe6+ Rxe6 0-1

[Event "Andorra op 21st"]
[Site "Andorra"]
[Date "2003.07.09"]
[Round "5"]
[White "Ris, Robert"]
[Black "Anton, Jose"]
[Result "1-0"]
[WhiteElo "2205"]
[BlackElo "2095"]
[PlyCount "53"]
[EventDate "2003.07.05"]
[EventType "swiss"]
[EventRounds "9"]
[EventCountry "AND"]
[SourceTitle "CBM 095 Extra"]
[Source "ChessBase"]
[SourceDate "2003.09.04"]
[SourceVersion "1"]
[SourceVersionDate "2003.09.04"]
[SourceQuality "1"]

1. Nf3 d5 2. c4 e6 3. e3 c6 4. Nc3 Bd6 5. b3 b6 6. Bb2 Nf6 7. Qc2 0-0 8. d4 Bb7 9. Bd3 Nbd7 10. cxd5 cxd5 11. 0-0 Rc8 12. Qe2 Ne4 13. Bxe4 dxe4 14. Nd2 f5 15. g3 Qg5 16. Rac1 Nf6 17. Nb5 Bb8 18. Rxc8 Rxc8 19. Rc1 Rxc1+ 20. Bxc1 Nd5 21. Qc4 h5 22. h4 Qg4 23. Nf1 g5 24. hxg5 h4 25. Nc3 hxg3 26. Nxd5 g2 27. Nf6+ 1-0

[Event "Andorra op 21st"]
[Site "Andorra"]
[Date "2003.07.07"]
[Round "3"]
[White "Van Benthem, Arjen"]
[Black "Anton, Jose"]
[Result "1-0"]
[WhiteElo "2275"]
[BlackElo "2095"]
[PlyCount "43"]
[EventDate "2003.07.05"]
[EventType "swiss"]
[EventRounds "9"]
[EventCountry "AND"]
[SourceTitle "CBM 095 Extra"]
[Source "ChessBase"]
[SourceDate "2003.09.04"]
[SourceVersion "1"]
[SourceVersionDate "2003.09.04"]
[SourceQuality "1"]

1. e4 d5 2. exd5 Nf6 3. Bb5+ Nbd7 4. d4 Nxd5 5. Nf3 c6 6. Be2 N7f6 7. c4 Nb6 8. h3 Bf5 9. 0-0 Qc7 10. Be3 e6 11. Nc3 h6 12. Rc1 Be7 13. Qb3 0-0 14. Rfd1 Rad8 15. g4 Bh7 16. d5 Ne4 17. Nxe4 Bxe4 18. d6 Bxd6 19. c5 Bd5 20. cxb6 Bxb3 21. bxc7 Bxd1 22. cxd8Q 1-0

[Event "Andorra op 20th"]
[Site "Andorra"]
[Date "2002.07.06"]
[Round "1"]
[White "Anton, Jose"]
[Black "Paunovic, Dragan"]
[Result "0-1"]
[WhiteElo "2123"]
[BlackElo "2518"]
[PlyCount "60"]
[EventDate "2002.07.06"]
[EventType "swiss"]
[EventRounds "9"]
[EventCountry "AND"]
[SourceTitle "CBM 089 Extra"]
[Source "ChessBase"]
[SourceDate "2002.09.10"]
[SourceVersion "2"]
[SourceVersionDate "2002.09.10"]
[SourceQuality "1"]

1. e4 c5 2. d4 cxd4 3. c3 dxc3 4. Nxc3 Nc6 5. Nf3 e6 6. Bc4 a6 7. 0-0 Nge7 8. Qe2 Ng6 9. Rd1 Be7 10. Be3 0-0 11. a4 d6 12. Bc5 Qc7 13. Ba3 Nge5 14. Ba2 Rd8 15. Rac1 Qb6 16. Rd2 Nxf3+ 17. gxf3 Bg5 18. Rcd1 Bxd2 19. Qxd2 Ne5 20. Kg2 Bd7 21. Qxd6 Nc6 22. Qf4 h6 23. e5 Be8 24. Re1 Rd4 25. Ne4 Qa5 26. Nf6+ Kh8 27. Qc1 Nxe5 28. b4 Nd3 29. Qxh6+ gxh6 30. bxa5 Nxe1+ 0-1

[Event "Provence-ch Majeur op 9697"]
[Site "France"]
[Date "1996.??.??"]
[Round "1"]
[White "Anton, Jose"]
[Black "Bon, Michael"]
[Result "0-1"]
[WhiteElo "1810"]
[BlackElo "2050"]
[PlyCount "120"]
[EventDate "1996.??.??"]
[EventType "swiss"]
[EventRounds "7"]
[EventCountry "FRA"]
[SourceTitle "EXT 2005"]
[Source "ChessBase"]
[SourceDate "2004.11.15"]
[SourceVersion "1"]
[SourceVersionDate "2004.11.15"]
[SourceQuality "1"]

1. e4 c5 2. d4 cxd4 3. c3 dxc3 4. Nxc3 Nc6 5. Nf3 e6 6. Bc4 Qc7 7. Qe2 Nf6 8. e5 Ng4 9. Bf4 f6 10. Nd5 Qa5+ 11. Bd2 Qd8 12. exf6 Nxf6 13. Nxf6+ Qxf6 14. 0-0 Be7 15. Rac1 0-0 16. Rfe1 Qf7 17. Bd3 a6 18. Qe4 g6 19. Bh6 d5 20. Qa4 Rd8 21. a3 Bf6 22. b4 Bd7 23. Qc2 Rac8 24. Ng5 Bxg5 25. Bxg5 Nxb4 26. Bxg6 hxg6 27. Qb1 Rxc1 28. Rxc1 Rf8 29. Bh6 Qxf2+ 30. Kh1 Qf5 31. axb4 Qxb1 32. Rxb1 Rf2 33. Kg1 Rc2 34. Rf1 Rc8 35. Rf6 Kh7 36. Bf4 Kg7 37. Be5 Kg8 38. Rf3 Bb5 39. Rb3 Rc1+ 40. Kf2 Rf1+ 41. Kg3 Rd1 42. Bd6 Rd4 43. Rf3 Rd3 44. Rxd3 Bxd3 45. Be5 Be4 46. Kf2 Kf7 47. g3 Ke8 48. Ke3 Kd7 49. Kf4 Kc6 50. Bc3 Kb5 51. g4 Kc4 52. Be1 Kd3 53. Ke5 Ke3 54. h4 Bf3 55. h5 gxh5 56. gxh5 Bxh5 57. Bc3 Bg4 58. Bd4+ Kd3 59. Bb6 Kc4 60. Ba5 Kb5 0-1

[Event "Provence-ch Majeur op 9697"]
[Site "France"]
[Date "1996.??.??"]
[Round "3"]
[White "Anton, Jose"]
[Black "Gouiran, Serge"]
[Result "1/2-1/2"]
[WhiteElo "1810"]
[BlackElo "1630"]
[PlyCount "84"]
[EventDate "1996.??.??"]
[EventType "swiss"]
[EventRounds "7"]
[EventCountry "FRA"]
[SourceTitle "EXT 2005"]
[Source "ChessBase"]
[SourceDate "2004.11.15"]
[SourceVersion "1"]
[SourceVersionDate "2004.11.15"]
[SourceQuality "1"]

1. e4 c5 2. d4 cxd4 3. c3 dxc3 4. Nxc3 Nc6 5. Nf3 d6 6. Bc4 e6 7. 0-0 Nge7 8. Qe2 Ng6 9. Rd1 Be7 10. Be3 0-0 11. Nb5 a6 12. Nxd6 Bxd6 13. Bc5 Qf6 14. Bxd6 Re8 15. e5 Ncxe5 16. Nxe5 Nxe5 17. Bxe5 Qe7 18. Rac1 Bd7 19. Bd3 Bc6 20. Rc4 f6 21. Bd6 Qf7 22. Rh4 g6 23. Bc4 Bd5 24. Bxd5 exd5 25. Qd2 Rac8 26. Rd4 Rc4 27. Rxd5 Rce4 28. Bb4 Re2 29. Qd4 R2e4 30. Qd2 Re2 31. Qc1 Qe6 32. h3 Qb6 33. Qf4 R2e4 34. Qd2 Qxb4 35. Qxb4 Rxb4 36. b3 Rbe4 37. Rd7 R4e7 38. Kf1 Kf7 39. R7d6 Rc8 40. R6d2 f5 41. Re2 Rxe2 42. Kxe2 Ke6 1/2-1/2

[Event "Provence-ch Majeur op 9495"]
[Site "France"]
[Date "1994.??.??"]
[Round "9"]
[White "Anton, Jose"]
[Black "Maruejols, Claude"]
[Result "0-1"]
[WhiteElo "1800"]
[BlackElo "1900"]
[PlyCount "56"]
[EventDate "1994.??.??"]
[EventType "swiss"]
[EventRounds "9"]
[EventCountry "FRA"]
[SourceTitle "EXT 2005"]
[Source "ChessBase"]
[SourceDate "2004.11.15"]
[SourceVersion "1"]
[SourceVersionDate "2004.11.15"]
[SourceQuality "1"]

1. e4 g6 2. d4 Bg7 3. Nc3 d6 4. Be3 c6 5. f3 b5 6. Qd2 Nd7 7. h4 h6 8. g4 e6 9. d5 b4 10. dxc6 bxc3 11. cxd7+ Qxd7 12. bxc3 Bb7 13. Rb1 Ne7 14. Bd4 e5 15. Be3 Rc8 16. Bb5 Bc6 17. c4 Bxb5 18. cxb5 h5 19. g5 0-0 20. Rh2 d5 21. exd5 Rfd8 22. d6 Nf5 23. Re2 Nxh4 24. Rb4 Nf5 25. c4 Nd4 26. Bxd4 exd4 27. Re7 Qxd6 28. Rxa7 d3 0-1

[Event "Provence-ch prom Vitrolles 9394"]
[Site "France"]
[Date "1993.??.??"]
[Round "8"]
[White "Anton, Jose"]
[Black "Ortega, C1."]
[Result "1-0"]
[WhiteElo "1770"]
[BlackElo "1830"]
[PlyCount "81"]
[EventDate "1993.??.??"]
[EventType "tourn"]
[EventRounds "9"]
[EventCountry "FRA"]
[SourceTitle "EXT 2005"]
[Source "ChessBase"]
[SourceDate "2004.11.15"]
[SourceVersion "1"]
[SourceVersionDate "2004.11.15"]
[SourceQuality "1"]

1. e4 c5 2. d4 cxd4 3. c3 Nf6 4. e5 Nd5 5. cxd4 Nc6 6. Nf3 d6 7. Qb3 e6 8. Bc4 Na5 9. Bb5+ Bd7 10. Qa4 Nc6 11. 0-0 a6 12. Bxc6 Bxc6 13. Qb3 Rc8 14. Bg5 Be7 15. Bxe7 Qxe7 16. Nbd2 0-0 17. Ne4 dxe5 18. dxe5 f6 19. Rfe1 fxe5 20. Nxe5 Rf5 21. Ng3 Rf4 22. Nxc6 bxc6 23. Ne2 Rb4 24. Qc2 Qf6 25. b3 Rf8 26. Ng3 e5 27. Rac1 Ne7 28. Re4 Rb5 29. f3 Rd8 30. Rg4 Qd6 31. Nh5 g6 32. Ng3 Rd5 33. Ne4 Rd1+ 34. Kf2 Qd4+ 35. Kg3 Nf5+ 36. Kh3 Kf7 37. Qc4+ Qxc4 38. Rxc4 Nd6 39. Rxc6 Nxe4 40. Rxe4 Ra8 41. Ra4 1-0

[Event "Provence-ch prom Vitrolles 9394"]
[Site "France"]
[Date "1993.??.??"]
[Round "6"]
[White "Coolen, Olivier"]
[Black "Anton, Jose"]
[Result "1/2-1/2"]
[WhiteElo "1640"]
[BlackElo "1770"]
[PlyCount "99"]
[EventDate "1993.??.??"]
[EventType "tourn"]
[EventRounds "9"]
[EventCountry "FRA"]
[SourceTitle "EXT 2005"]
[Source "ChessBase"]
[SourceDate "2004.11.15"]
[SourceVersion "1"]
[SourceVersionDate "2004.11.15"]
[SourceQuality "1"]

1. c4 f5 2. Nc3 Nf6 3. g3 e6 4. Bg2 d5 5. cxd5 exd5 6. e3 c6 7. Nge2 Bd6 8. 0-0 0-0 9. Nd4 g6 10. a3 Nbd7 11. b4 Ne5 12. Na4 Qe8 13. Bb2 b6 14. Nf3 Ba6 15. Bxe5 Bxe5 16. Nxe5 Bxf1 17. Bxf1 Qxe5 18. Rc1 Rac8 19. Rc2 g5 20. Qc1 Qd6 21. d4 g4 22. b5 Ne4 23. bxc6 Rc7 24. Bb5 Qh6 25. Nc3 Nd6 26. Nxd5 Nxb5 27. a4 Qd6 28. Nxc7 Nxc7 29. Qb2 Qd5 30. Qa3 Rf6 31. Qe7 Rxc6 32. Rxc6 Qxc6 33. Qd8+ Kf7 34. Qh8 Qc1+ 35. Kg2 Qc6+ 36. Kg1 Kg6 37. Qg8+ Kh6 38. Qf8+ Kg5 39. Qg7+ Qg6 40. Qxc7 a5 41. d5 Qf6 42. Qxh7 Qa1+ 43. Kg2 Qxa4 44. Qe7+ Kg6 45. Qd6+ Kf7 46. Qxb6 Qe4+ 47. Kg1 Qxd5 48. Qc7+ Kf6 49. Qb6+ Ke5 50. Qb2+ 1/2-1/2

[Event "Provence-ch Majeur op 9293"]
[Site "France"]
[Date "1992.??.??"]
[Round "8"]
[White "Anton, Jose"]
[Black "Orsini, Patrick"]
[Result "0-1"]
[WhiteElo "1840"]
[BlackElo "1820"]
[PlyCount "54"]
[EventDate "1992.??.??"]
[EventType "swiss"]
[EventRounds "9"]
[EventCountry "FRA"]
[SourceTitle "EXT 2005"]
[Source "ChessBase"]
[SourceDate "2004.11.15"]
[SourceVersion "1"]
[SourceVersionDate "2004.11.15"]
[SourceQuality "1"]

1. e4 e5 2. d4 Nc6 3. dxe5 Nxe5 4. f4 Ng6 5. Be3 Bb4+ 6. Nd2 Nf6 7. c3 Be7 8. Ngf3 d6 9. Bc4 0-0 10. Qb3 Ng4 11. Nf1 Nxe3 12. Nxe3 Nxf4 13. 0-0-0 Bd7 14. g3 Ne6 15. h4 Nc5 16. Qc2 b5 17. Bd5 c6 18. Bb3 Qb6 19. Ng2 a5 20. Qd2 b4 21. Bc2 Be6 22. Bb1 bxc3 23. Qxc3 Rab8 24. Rd2 Nd7 25. Ng5 Bf6 26. Qc2 Be5 27. Ne3 Qxe3 0-1